Heretik Ladislav Novomeský

Bibliographic Details
Main Author: Zajac, Peter, 1946- (Author)
Format: Article
Language:Slovak
Subjects:

MARC

LEADER 00000nab a2200000 a 4500
001 vtls000599897
003 SK-MaSNL
005 20260304180844.0
008 160203c1994 xo 0 slo
015 |a SNBRA19rr/mm-uuuuu 
035 |a CL0600036 
040 |a SNKBUCL  |b slo  |c SNKBUCL  |e AACR2 
041 0 |a slo 
044 |a xo  |c SK 
080 |a 82:301  |2 1981 
080 |a 82.033:885.4-1  |2 1981 
080 |a 885.4-1.033  |2 1981 
100 1 |a Zajac, Peter,  |d 1946-  |4 aut  |9 103277 
245 1 0 |a Heretik Ladislav Novomeský  |c Peter Zajac 
600 1 7 |a Novomeský, Ladislav,  |d 1904-1976  |2 snkbucl  |9 75208 
655 7 |a články zo zborníkov  |2 snkbucl  |9 166140 
655 7 |a články z odboru literárna veda a krásna literatúra  |2 snkbucl  |9 770045 
773 0 |t Slovo o Ladislavovi Novomeskom  |d Bratislava : Nadácia Ladislava Novomeského, 1994  |g S. 36-43 
850 |a Slovenská národná knižnica v Martine  |a MTA001 
852 |a SNK  |b KIS3GCP 
958 |a RK 
958 |a LX 
958 |a SK 
992 |a RZB 
999 |c 3020122  |d 3022052